Responses for Show #6077 - Tuesday, February 1, 2011

IBM Challenge mini-documentary: "What is a Grand Challenge?"

Contestants

[<< previous game]

Ron Roberts, a poker impresario from Pompano Beach, Florida

Molly Rosenbusch, a night court clerk from Twin Lakes, Idaho

Eureka Nutt, a paralegal from Canoga Park, California (whose 2-day cash winnings total $38,701)

[next game >>]

Jeopardy! Round responses

A MAN, A PLAN, A CANAL... ERIE!
CELEBRITIES & RACING
NEWSMAKERS OF 2010
TAROT CARDS
AKA
(Alex: Also known as.)
SOMETHING "MORE"
(Alex: Each correct response will end in those 4 letters.)
    $200 9
(DeWitt) Clinton

Ron
    $200 6
(Alex: Yeah, and he won the race, too, darn it.)

Keanu Reeves

Molly
    $200 1
(Molly: Who was Barack Obama?)
(Eureka: Who was the Pope?)
(Alex: The Pope? Be more specific.)
(Eureka: Pope [*]?)
(Alex: More specific. ...All right, we'll give it to you. There's only one Pope, and his name is [*].)

Benedict

EurekaMolly
    $200 11
the Fool

Triple Stumper
    $200 20
Peppermint Patty

Eureka
    $200 13
sophomore

Molly
    $400 10
(Ron: What's the St. Lawrence?)

the Hudson

MollyRon
    $400 7
James Garner

Molly
    $400 2
Zuckerberg

Ron
    $400 12
the Magician

Triple Stumper
    $400 21
Mr. Clean

Ron
    $1,000 14
(Alex: Molly?)
(Molly: Um, I have no idea.)

Baltimore

Molly
    $600 22
Buffalo

Ron
    $600 8
(Steve) McQueen

Ron
    $600 3
Chile

Eureka
    $600 27
Lovers

Ron
    $600 24
Monopoly

Molly
    $600 15
Barrymore

Eureka
    $800 23
(Alex: [*] is right, with a minute to go.)

locks

Eureka
    $800 18
Mazda

Molly
    $800 4
a spy swap

Eureka
    $800 25
Shaggy

Molly
    $800 16
a sycamore

Molly
    $1000 28
[The end-of-round signal sounds.]

cement

Triple Stumper
    $1000 19
Jason Priestley

Molly
    $1000 5
(Tony) Hayward

Eureka
    $1000 26
Erté

Triple Stumper
    $1000 17
Biltmore

Molly

Scores at the first commercial break (after clue 13):

Eureka Molly Ron
$2,600 $1,000 $800

Scores at the end of the Jeopardy! Round:

Eureka Molly Ron
$4,200 $5,000 $2,400

Double Jeopardy! Round responses

SCIENCE
MOVIE REMAKES
CHILDREN'S BOOK TITLES
EAT
PRAY
"LOVE"
    $400 1
the Moon

Ron
    $400 8
Friday the 13th

Molly
    $400 19
Velveteen

Ron
    $400 16
giblets

Ron
    $400 30
he kneels

Triple Stumper
    $400 6
a love apple

Ron
    $800 2
evaporate

Triple Stumper
    $800 9
The Karate Kid

Ron
    $800 21
Very Bad

Molly
    $800 17
a lobster

Eureka
    $800 29
the chaplain

Eureka
    $800 7
Tunnel of Love

Molly
    $1200 3
(Ron: What is blood?)
(Alex: Be more specific.)

hemoglobin

Ron
    $1200 10
King Kong

Molly
    $1200 22
500

Molly
    $1200 18
(Eureka: What are Brussels sprouts?)

peas

EurekaMolly
    $1200 28
lotus

Ron
    $1200 13
love handles

Eureka
    $2,000 4
(Ron: What is a lever?)

a fulcrum

Ron
    $3,000 11
Scent of a Woman

Molly
    $1600 23
Night

Molly
    $1600 20
butterfly

Molly
    $1600 27
(Ron: What is kneel?)

bow (or sway or rock)

Ron
Triple Stumper
    $1600 14
Toughlove

Ron
    $2000 5
21

Triple Stumper
    $2000 12
The Departed

Molly
    $2000 24
Purple

Eureka
    $2000 25
(Ron: What is ciabatta?)
...
(Alex: Correct, with a minute to go.)

focaccia

EurekaRon
    $2000 26
Albrecht Durer

Triple Stumper
    $2000 15
love me, love my dog

Triple Stumper

Scores at the end of the Double Jeopardy! Round:

Eureka Molly Ron
$9,800 $18,800 $3,200

[wagering suggestions for these scores]

Final Jeopardy! Round responses

20th CENTURY LEADERS
RonWho is Gandhi Gandhi ?
$200
EurekaWho is Trotsky
$9,700
MollyWho is Ghandi
$801
Gandhi

Final scores:

Eureka Molly Ron
$100 $19,601 $3,400
3rd place: $1,000 New champion: $19,601 2nd place: $2,000

Game dynamics:

Coryat scores:

Eureka Molly Ron
$9,800 $18,400 $5,200
12 R,
1 W
20 R
(including 1 DD),
2 W
(including 1 DD)
14 R,
4 W
(including 1 DD)

Combined Coryat: $33,400

[game clues] [game scores] [suggest correction]

Game tape date: 2010-10-26
The J! Archive is created by fans, for fans. Scraping, republication, monetization, and malicious use prohibited; this site may use cookies and collect identifying information. See terms. The Jeopardy! game show and all elements thereof, including but not limited to copyright and trademark thereto, are the property of Jeopardy Productions, Inc. and are protected under law. This website is not affiliated with, sponsored by, or operated by Jeopardy Productions, Inc. Join the discussion at JBoard.tv.